Hacking exposed 7 : (Record no. 2542)

MARC details
000 -LEADER
fixed length control field 01278nam a22003497a 4500
005 - DATE AND TIME OF LATEST TRANSACTION
control field 20260123104611.0
008 - FIXED-LENGTH DATA ELEMENTS--GENERAL INFORMATION
fixed length control field 260123b |||||||| |||| 00| 0 eng d
010 ## - LIBRARY OF CONGRESS CONTROL NUMBER
LC control number 2012028820
020 ## - INTERNATIONAL STANDARD BOOK NUMBER
International Standard Book Number 9780071780285
Qualifying information alk. paper
020 ## - INTERNATIONAL STANDARD BOOK NUMBER
International Standard Book Number 0071780289
Qualifying information alk. paper
035 ## - SYSTEM CONTROL NUMBER
System control number 17464957
040 ## - CATALOGING SOURCE
Original cataloging agency DLC
Language of cataloging eng
Transcribing agency KMU
Description conventions rda
Modifying agency KMU
050 00 - LIBRARY OF CONGRESS CALL NUMBER
Classification number TK5105.59
100 1# - MAIN ENTRY--PERSONAL NAME
Personal name McClure, Stuart.
240 10 - UNIFORM TITLE
Uniform title Hacking exposed
245 10 - TITLE STATEMENT
Title Hacking exposed 7 :
Remainder of title network security secrets & solutions /
Statement of responsibility, etc. Stuart McClure, Joel Scambray, George Kurtz.
264 #1 - PRODUCTION, PUBLICATION, DISTRIBUTION, MANUFACTURE, AND COPYRIGHT NOTICE
Place of production, publication, distribution, manufacture New York :
Name of producer, publisher, distributor, manufacturer McGraw-Hill,
Date of production, publication, distribution, manufacture, or copyright notice [2012]
264 #4 - PRODUCTION, PUBLICATION, DISTRIBUTION, MANUFACTURE, AND COPYRIGHT NOTICE
Date of production, publication, distribution, manufacture, or copyright notice ©2012
300 ## - PHYSICAL DESCRIPTION
Extent xxiv, 741 pages :
Other physical details illustrations ;
Dimensions 24 cm
336 ## - CONTENT TYPE
Content type term text
Source rdacontent
337 ## - MEDIA TYPE
Media type term unmediated
Source rdamedia
338 ## - CARRIER TYPE
Carrier type term volume
Source rdacarrier
500 ## - GENERAL NOTE
General note Originally published: Hacking exposed : network security secrets and solutions / Stuart McClure, Joel Scambray, George Kurtz. 1999.
650 #0 - SUBJECT ADDED ENTRY--TOPICAL TERM
Topical term or geographic name entry element Computer networks
General subdivision Security measures.
650 #0 - SUBJECT ADDED ENTRY--TOPICAL TERM
Topical term or geographic name entry element Computer security.
700 1# - ADDED ENTRY--PERSONAL NAME
Personal name Mcclure, Stuart.
700 1# - ADDED ENTRY--PERSONAL NAME
Personal name Scambray, Joel.
700 1# - ADDED ENTRY--PERSONAL NAME
Personal name Kurtz, George.
906 ## - LOCAL DATA ELEMENT F, LDF (RLIN)
a 7
b cbc
c orignew
d 1
e ecip
f 20
g y-gencatlg
942 ## - ADDED ENTRY ELEMENTS (KOHA)
Source of classification or shelving scheme Library of Congress Classification
Koha item type Non-Fiction
Suppress in OPAC No
Holdings
Withdrawn status Lost status Source of classification or shelving scheme Damaged status Not for loan Collection Home library Current library Shelving location Date acquired Source of acquisition Total Checkouts Full call number Barcode Date due Date last seen Date last checked out Price effective from Koha item type
    Library of Congress Classification     Non-fiction Kapasa Makasa University Kapasa Makasa University Open Access 23.01.2026 ZLS 2 TK 5105.59 Mcc 301415 24.07.2026 27.05.2026 27.05.2026 23.01.2026 Non-Fiction